Plánovanie a využívanie kvalifikovaných pracovníkov a normatívy ich nasýtenosti v š.p. Priemstav Bratislava záverečná práca postgraduálneho štúdia

Na minha lista:
Detalhes bibliográficos
Autor principal: Máleková, Jana
Autor Corporativo: Vysoká škola ekonomická v Bratislave
Outros Autores: Kováčová, Emília
Formato: Livro
Idioma:eslovaco
Publicado em: Bratislava 1990
Tags: Adicionar Tag
Sem tags, seja o primeiro a adicionar uma tag!

MARC

LEADER 00000nam a2200000 4500
001 c040519
005 20221215071117.3
041 0 |a slo 
044 |a SK 
245 1 0 |a Plánovanie a využívanie kvalifikovaných pracovníkov a normatívy ich nasýtenosti v š.p. Priemstav Bratislava  |b záverečná práca postgraduálneho štúdia  |c Jana Máleková ; Ved. práce Emília Kováčová 
264 1 |a Bratislava  |c 1990 
300 |a 58 s. 
100 1 |a Máleková, Jana 
700 1 |a Kováčová, Emília 
710 2 |a Vysoká škola ekonomická v Bratislave